[Event "TUR-chT 1st League"]
[Site "Konya"]
[Date "2022.08.25"]
[Round "5.10"]
[White "Oner, Oguz"]
[Black "Yildiz, Emre"]
[Result "1-0"]
[WhiteElo "2018"]
[BlackElo "1985"]
[PlyCount "87"]
[EventDate "2022.08.22"]
[EventType "team-swiss"]
[EventRounds "9"]
[EventCountry "TUR"]
[SourceTitle "CBM 209 Extra"]
[Source "ChessBase"]
[SourceDate "2022.09.30"]
[SourceVersion "1"]
[SourceVersionDate "2022.09.30"]
[SourceQuality "1"]
[WhiteTeam "Bogazici Universitesi"]
[BlackTeam "Salihli Sardes"]
[WhiteTeamCountry "TUR"]
[BlackTeamCountry "TUR"]

1. d4 d5 2. c4 e6 3. Nc3 Be7 4. Nf3 Nf6 5. cxd5 exd5 6. Bg5 c6 7. Qc2 0-0 8. e3 Ne4 9. Bxe7 Qxe7 10. Nxe4 dxe4 11. Nd2 Re8 12. Bc4 Nd7 13. 0-0 Nf6 14. Rab1 a5 15. a3 Qd6 16. Rfc1 Ng4 17. Nf1 Qg6 18. Ng3 h5 19. h3 Nf6 20. Ne2 Qg5 21. Nf4 h4 22. Be2 Qh6 23. Bf1 g5 24. Ne2 Kh8 25. Qc5 Be6 26. b4 axb4 27. axb4 Ba2 28. Rb2 Bd5 29. b5 Re6 30. Rcb1 Rg8 31. bxc6 Rxc6 32. Qe7 Rcc8 33. Rb6 Rg6 34. Rd6 Kg8 35. Rd8+ Rxd8 36. Qxd8+ Qf8 37. Qxf8+ Kxf8 38. Nc3 g4 39. hxg4 Bc6 40. Bc4 Rg5 41. d5 Nxd5 42. Bxd5 Bxd5 43. Rb5 Ke7 44. Rxd5 1-0

[Event "TUR-chT 1st League"]
[Site "Konya"]
[Date "2018.07.19"]
[Round "6.6"]
[White "Yagiz, Yasin Emrah"]
[Black "Yildiz, Emre"]
[Result "1-0"]
[WhiteElo "2199"]
[BlackElo "1998"]
[PlyCount "167"]
[EventDate "2018.07.16"]
[EventType "team-swiss"]
[EventRounds "9"]
[EventCountry "TUR"]
[SourceTitle "EXT 2019"]
[Source "ChessBase"]
[SourceDate "2018.10.10"]
[SourceVersion "1"]
[SourceVersionDate "2018.10.10"]
[SourceQuality "1"]
[WhiteTeam "Bulancak Ihsaniye Genclik"]
[BlackTeam "Salihli Sardes"]
[WhiteTeamCountry "TUR"]
[BlackTeamCountry "TUR"]

1. Nf3 d5 2. c4 c6 3. g3 Nf6 4. b3 Nbd7 5. Bb2 e6 6. Bg2 Be7 7. 0-0 0-0 8. d3 b5 9. Nbd2 a5 10. Qc2 Ba6 11. e4 bxc4 12. dxc4 Nc5 13. Nd4 Qb6 14. e5 Ng4 15. Rae1 Nd7 16. N2f3 c5 17. Ne2 dxc4 18. bxc4 Rab8 19. Ba1 Qc7 20. Qe4 Nh6 21. Bc3 Bb7 22. Qf4 a4 23. Rd1 Rfd8 24. g4 Nf8 25. h3 Ng6 26. Qe3 Bc6 27. Ng3 Rxd1 28. Rxd1 Rd8 29. Rb1 Rb8 30. Rc1 Qb7 31. Ne1 Nh4 32. Bxc6 Qxc6 33. Ne4 Rd8 34. Rb1 Kh8 35. Kf1 Ng8 36. Ke2 Ng6 37. Rb5 h6 38. f4 Qd7 39. Rb1 Qc6 40. Nf3 Kh7 41. Rg1 Qa6 42. Ned2 Bf8 43. f5 N6e7 44. Qe4 Qc6 45. fxe6+ Qxe4+ 46. Nxe4 fxe6 47. Rb1 Ng6 48. Ke3 Be7 49. Rb7 Rd1 50. Ra7 Rh1 51. h4 Rh3 52. Nf6+ Kh8 53. Nxg8 Kxg8 54. h5 Nh4 55. Rxe7 Rxf3+ 56. Kd2 Rf2+ 57. Ke3 Rf3+ 58. Kd2 Rf2+ 59. Kd1 Rxa2 60. Rxe6 Kf7 61. Ra6 Ng2 62. e6+ Ke7 63. Bxg7 Ne3+ 64. Kc1 Rc2+ 65. Kb1 Rxc4 66. Bxh6 Nxg4 67. Bg5+ Nf6 68. Ra7+ Kxe6 69. Ra6+ Kf5 70. Bxf6 Rb4+ 71. Kc2 Rg4 72. h6 Kg6 73. Bc3+ Kh7 74. Bd2 Rc4+ 75. Kd1 Rd4 76. Ra7+ Kg6 77. Rg7+ Kf6 78. Kc2 Rc4+ 79. Bc3+ Kf5 80. h7 Rh4 81. Ra7 Rh2+ 82. Kd3 c4+ 83. Kxc4 Rh4+ 84. Kd5 1-0

[Event "TUR-chT 1st League"]
[Site "Konya"]
[Date "2017.07.23"]
[Round "9.8"]
[White "Karamahmutoglu, Eser"]
[Black "Yildiz, Emre"]
[Result "1/2-1/2"]
[WhiteElo "2006"]
[BlackElo "1992"]
[PlyCount "29"]
[EventDate "2017.07.17"]
[EventType "team-swiss"]
[EventRounds "9"]
[EventCountry "TUR"]
[SourceTitle "EXT 2018"]
[Source "ChessBase"]
[SourceDate "2017.10.13"]
[SourceVersion "1"]
[SourceVersionDate "2017.10.13"]
[SourceQuality "1"]
[WhiteTeam "Ordu Buyuksehir Belediye"]
[BlackTeam "Manisa Salihli Sardes"]
[WhiteTeamCountry "TUR"]
[BlackTeamCountry "TUR"]

1. e4 e5 2. Nf3 Nc6 3. Bb5 a6 4. Ba4 Nf6 5. 0-0 Be7 6. Re1 b5 7. Bb3 d6 8. c3 0-0 9. d3 Re8 10. Ng5 Rf8 11. Nf3 Re8 12. Ng5 Rf8 13. Nf3 Re8 14. Ng5 Rf8 15. Nf3 1/2-1/2

[Event "TUR-chT 1st League"]
[Site "Konya"]
[Date "2017.07.19"]
[Round "4.8"]
[White "Demir, Bilal"]
[Black "Yildiz, Emre"]
[Result "0-1"]
[WhiteElo "2069"]
[BlackElo "1992"]
[PlyCount "82"]
[EventDate "2017.07.17"]
[EventType "team-swiss"]
[EventRounds "9"]
[EventCountry "TUR"]
[SourceTitle "CBM 179 Extra"]
[Source "ChessBase"]
[SourceDate "2017.08.23"]
[SourceVersion "1"]
[SourceVersionDate "2017.08.23"]
[SourceQuality "1"]
[WhiteTeam "Callica Burdur"]
[BlackTeam "Manisa Salihli Sardes"]
[WhiteTeamCountry "TUR"]
[BlackTeamCountry "TUR"]

1. d4 d5 2. Nf3 Nf6 3. c4 c6 4. Nc3 e6 5. e3 Nbd7 6. Bd3 Be7 7. 0-0 0-0 8. b3 b6 9. Bb2 Bb7 10. Qe2 c5 11. Rfd1 cxd4 12. exd4 Rc8 13. Rac1 Bd6 14. Ne5 Qe7 15. Nb5 a6 16. Nxd6 Qxd6 17. Bb1 Rfd8 18. f4 a5 19. Rd3 dxc4 20. bxc4 Be4 21. Rdd1 Bxb1 22. Rxb1 Qc7 23. Rbc1 Qb7 24. Re1 Ne8 25. Nxf7 Kxf7 26. Qxe6+ Kf8 27. Ba3+ Nc5 28. dxc5 bxc5 29. Re5 Nf6 30. Kh1 Rd2 31. Rg1 Qd7 32. Qxd7 Nxd7 33. Rf5+ Kg8 34. h3 Rxa2 35. Rd1 Nf6 36. Rxc5 Ra8 37. Rd3 Ne4 38. Rcd5 Nf2+ 39. Kh2 Nxd3 40. Rxd3 Re8 41. c5 Ree2 0-1

[Event "Cesme op 5th"]
[Site "Cesme"]
[Date "2017.06.13"]
[Round "2"]
[White "Yildiz, Emre"]
[Black "Gleizerov, Evgeny"]
[Result "0-1"]
[WhiteElo "1998"]
[BlackElo "2507"]
[PlyCount "102"]
[EventDate "2017.06.12"]
[EventType "swiss"]
[EventRounds "9"]
[EventCountry "TUR"]
[SourceTitle "CBM 178 Extra"]
[Source "ChessBase"]
[SourceDate "2017.06.22"]
[SourceVersion "1"]
[SourceVersionDate "2017.06.22"]
[SourceQuality "1"]

1. d4 e6 2. c4 f5 3. Nf3 Nf6 4. Nc3 Bb4 5. Qb3 Qe7 6. g3 a5 7. Bg2 a4 8. Qc2 0-0 9. 0-0 Bxc3 10. Qxc3 Nc6 11. Bg5 d6 12. d5 Nd8 13. Nd4 e5 14. Nb5 h6 15. Bxf6 Rxf6 16. c5 dxc5 17. Rac1 c6 18. d6 Qd7 19. Nc7 Rb8 20. Qxc5 b6 21. Qc4+ Kh7 22. Bxc6 Nxc6 23. Qxc6 Rxd6 24. Qxd7 Rxd7 25. Rfd1 Rxd1+ 26. Rxd1 Rb7 27. Rc1 Bd7 28. f4 exf4 29. gxf4 g5 30. e3 Kg6 31. Kf2 Kf6 32. a3 Ke7 33. Nd5+ Kd6 34. Rd1 Ke6 35. Nc3 b5 36. Rd4 Bc6 37. Ke2 g4 38. Kf2 h5 39. Kg3 h4+ 40. Kf2 Rg7 41. Ne2 Bf3 42. Rd2 Bxe2 43. Kxe2 Rc7 44. Kf2 Rc1 45. Ke2 h3 46. Kf2 Rh1 47. Kg3 Rg1+ 48. Kh4 Rg2 49. Rd8 Rxh2 50. Re8+ Kd7 51. Re5 Rd2 0-1

[Event "TUR-chT2"]
[Site "Konya"]
[Date "2016.07.17"]
[Round "1.8"]
[White "Yuksel, Atilla Koksal"]
[Black "Yildiz, Emre"]
[Result "1-0"]
[WhiteElo "2081"]
[BlackElo "2037"]
[PlyCount "73"]
[EventDate "2016.07.17"]
[EventType "team-swiss"]
[EventRounds "9"]
[EventCountry "TUR"]
[SourceTitle "CBM 173 Extra"]
[Source "ChessBase"]
[SourceDate "2016.08.29"]
[SourceVersion "1"]
[SourceVersionDate "2016.08.29"]
[SourceQuality "1"]
[WhiteTeam "Ankara Dernegi"]
[BlackTeam "Manisa Salihli Sardes"]
[WhiteTeamCountry "TUR"]
[BlackTeamCountry "TUR"]

1. e4 c5 2. Nc3 e6 3. Bc4 a6 4. a4 Nc6 5. f4 Qc7 6. d3 d6 7. Nf3 Nf6 8. 0-0 Be7 9. Kh1 0-0 10. Be3 Rd8 11. Ba2 d5 12. e5 d4 13. exf6 Bxf6 14. Ne4 dxe3 15. Nxf6+ gxf6 16. Nh4 Nd4 17. Qc1 e2 18. Rf2 f5 19. c3 Qe7 20. g3 Nc6 21. Rxe2 Qd6 22. Re3 b5 23. axb5 axb5 24. Bb3 Bb7 25. Kg1 Na5 26. Bc2 c4 27. d4 Qc6 28. Nf3 Nb3 29. Bxb3 cxb3 30. Rb1 Ra2 31. Qd1 Qd5 32. Kf2 Rc8 33. Re5 Qc4 34. Nd2 Qc6 35. Qf1 Qa6 36. Qxb5 Qxb5 37. Rxb5 1-0

[Event "Izmir-ch"]
[Site "Izmir"]
[Date "2003.03.02"]
[Round "4"]
[White "Gunay, Alper"]
[Black "Yildiz, Emre"]
[Result "1/2-1/2"]
[WhiteElo "2149"]
[BlackElo "1957"]
[PlyCount "106"]
[EventDate "2003.03.??"]
[EventType "swiss"]
[EventRounds "9"]
[EventCountry "TUR"]
[SourceTitle "CBM 093 Extra"]
[Source "ChessBase"]
[SourceDate "2003.05.09"]
[SourceVersion "1"]
[SourceVersionDate "2003.05.09"]
[SourceQuality "1"]

1. e4 c5 2. c3 Nf6 3. e5 Nd5 4. d4 cxd4 5. Nf3 Nc6 6. Bc4 e6 7. Bxd5 exd5 8. 0-0 d6 9. Re1 Be7 10. exd6 Qxd6 11. Nxd4 0-0 12. Nb5 Qg6 13. Bf4 Bg4 14. f3 Bf5 15. Nc7 Rad8 16. Nxd5 Bh4 17. g3 Bc2 18. Qd2 Bd3 19. Qg2 Rxd5 20. gxh4 Qf6 21. Bg5 Qg6 22. Nd2 h6 23. Bf4 Qf6 24. Bg3 Rfd8 25. Ne4 Qg6 26. Bc7 Qxg2+ 27. Kxg2 R8d7 28. Bf4 Ne7 29. Be3 b6 30. Ng3 Ng6 31. h5 Nh4+ 32. Kf2 Nf5 33. Rad1 Nxg3 34. hxg3 Rxh5 35. Kg2 Ra5 36. a3 Rad5 37. Bd4 Bf5 38. Re8+ Kh7 39. Rde1 Be6 40. g4 Rd8 41. Rxd8 Rxd8 42. Kg3 g5 43. Kf2 Kg6 44. Ke3 h5 45. gxh5+ Kxh5 46. Rh1+ Kg6 47. Rg1 Bd5 48. f4 f6 49. fxg5 fxg5 50. a4 Rd7 51. Kd3 Rf7 52. Rg3 Rf3+ 53. Rxf3 Bxf3 1/2-1/2

[Event "Izmir-ch"]
[Site "Izmir"]
[Date "2002.03.14"]
[Round "9.6"]
[White "Karadeniz, Bahri"]
[Black "Yildiz, Emre"]
[Result "0-1"]
[WhiteElo "1586"]
[BlackElo "2008"]
[PlyCount "74"]
[EventDate "2002.03.??"]
[EventType "swiss"]
[EventRounds "9"]
[EventCountry "TUR"]
[SourceTitle "EXT 2004"]
[Source "ChessBase"]
[SourceDate "2003.11.25"]
[SourceVersion "1"]
[SourceVersionDate "2003.11.25"]
[SourceQuality "1"]

1. e4 d5 2. e5 Bf5 3. d4 e6 4. Bd3 Ne7 5. a3 c5 6. c3 Nbc6 7. b4 cxd4 8. cxd4 Nxd4 9. Bxf5 Nexf5 10. Ne2 Rc8 11. 0-0 Nxe2+ 12. Qxe2 Be7 13. Qb5+ Qd7 14. Qd3 0-0 15. Nd2 Qc7 16. Nf3 Qc3 17. Qxc3 Rxc3 18. Bd2 Rc4 19. Rfc1 Rfc8 20. Kf1 f6 21. g4 Nh6 22. h3 Nf7 23. Re1 Nxe5 24. Ng1 Kf7 25. Be3 b6 26. Ne2 Nd3 27. Red1 Nb2 28. Rd2 Rc2 29. Rxc2 Rxc2 30. Nd4 Rc4 31. b5 Ra4 32. Nc6 Nc4 33. Bc1 Ke8 34. Ke2 Bc5 35. f4 Nd6 36. h4 Nxb5 37. Bb2 Rxf4 0-1

[Event "Izmir-ch"]
[Site "Izmir"]
[Date "2002.03.08"]
[Round "3.2"]
[White "Yildiz, Emre"]
[Black "Apaydin, Fethi"]
[Result "1-0"]
[WhiteElo "2008"]
[BlackElo "1806"]
[PlyCount "29"]
[EventDate "2002.03.??"]
[EventType "swiss"]
[EventRounds "9"]
[EventCountry "TUR"]
[SourceTitle "EXT 2004"]
[Source "ChessBase"]
[SourceDate "2003.11.25"]
[SourceVersion "1"]
[SourceVersionDate "2003.11.25"]
[SourceQuality "1"]

1. d4 Nf6 2. Bg5 Ne4 3. h4 c5 4. d5 Qb6 5. Nd2 Nxd2 6. Bxd2 Qxb2 7. e4 e6 8. Nf3 Qb6 9. Bc3 d6 10. Ng5 Qc7 11. Qh5 exd5 12. exd5 Bf5 13. Bb5+ Nc6 14. dxc6 bxc6 15. Bxc6+ 1-0